Water droplet deformation under the motion in gas area with subsonic velocities; European Physical Journal Web of Conferences (EPJ Web of Conferences); Vol. 82 : Thermophysical Basis of Energy Technologies

Detaylı Bibliyografya
Parent link:European Physical Journal Web of Conferences (EPJ Web of Conferences)
Vol. 82 : Thermophysical Basis of Energy Technologies.— 2015.— [01002, 4 р.]
Yazar: Kuibin P. A.
Müşterek Yazar: Национальный исследовательский Томский политехнический университет (ТПУ) Энергетический институт (ЭНИН) Кафедра автоматизации теплоэнергетических процессов (АТП)
Diğer Yazarlar: Strizhak P. A. Pavel Alexandrovich
Özet:Title screen
The experimental investigation of water droplet deformation (characteristic dimensions 3-6 mm) when moving through the gas area (air) with 1-5 m/s velocities was carried out. The high-speed (delay time between the frames is less than 100 ns) tools of cross-correlation videorecording were used. A cyclic change nature of the droplet shapes (from close to spherical to conditionally ellipsoidal) was found. The characteristic times of "deformation cycles" and the maximal deviations of droplet dimensions relative to initial dimensions were determined. The influence of droplet velocities and its dimensions on the deformation characteristics was determined.
Dil:İngilizce
Baskı/Yayın Bilgisi: 2015
Konular:
Online Erişim:http://dx.doi.org/10.1051/epjconf/20158201002
Materyal Türü: MixedMaterials Elektronik Kitap Bölümü
KOHA link:https://koha.lib.tpu.ru/cgi-bin/koha/opac-detail.pl?biblionumber=643067

MARC

LEADER 00000nla2a2200000 4500
001 643067
005 20240207111204.0
035 |a (RuTPU)RU\TPU\network\8055 
035 |a RU\TPU\network\7885 
090 |a 643067 
100 |a 20150828a2015 k y0engy50 ba 
101 0 |a eng 
102 |a FX 
105 |a y z 100zy 
135 |a drcn ---uucaa 
181 0 |a i  
182 0 |a b 
200 1 |a Water droplet deformation under the motion in gas area with subsonic velocities  |f P. A. Kuibin, P. A. Strizhak 
203 |a Text  |c electronic 
300 |a Title screen 
320 |a [References: 10 tit.] 
330 |a The experimental investigation of water droplet deformation (characteristic dimensions 3-6 mm) when moving through the gas area (air) with 1-5 m/s velocities was carried out. The high-speed (delay time between the frames is less than 100 ns) tools of cross-correlation videorecording were used. A cyclic change nature of the droplet shapes (from close to spherical to conditionally ellipsoidal) was found. The characteristic times of "deformation cycles" and the maximal deviations of droplet dimensions relative to initial dimensions were determined. The influence of droplet velocities and its dimensions on the deformation characteristics was determined. 
461 0 |0 (RuTPU)RU\TPU\network\7958  |t European Physical Journal Web of Conferences (EPJ Web of Conferences) 
463 0 |0 (RuTPU)RU\TPU\network\7960  |t Vol. 82 : Thermophysical Basis of Energy Technologies  |o Proceedings of the Conference, October 15-17, 2014, Tomsk, Russia  |f National Research Tomsk Polytechnic University (TPU) ; eds. G. V. Kuznetsov [et al.]  |v [01002, 4 р.]  |d 2015 
610 1 |a электронный ресурс 
610 1 |a труды учёных ТПУ 
610 1 |a вода 
610 1 |a деформация 
610 1 |a капли 
610 1 |a скорости 
610 1 |a деформационные характеристики 
700 1 |a Kuibin  |b P. A. 
701 1 |a Strizhak  |b P. A.  |c Specialist in the field of heat power energy  |c Doctor of Physical and Mathematical Sciences (DSc), Professor of Tomsk Polytechnic University (TPU)  |f 1985-  |g Pavel Alexandrovich  |3 (RuTPU)RU\TPU\pers\30871  |9 15117 
712 0 2 |a Национальный исследовательский Томский политехнический университет (ТПУ)  |b Энергетический институт (ЭНИН)  |b Кафедра автоматизации теплоэнергетических процессов (АТП)  |3 (RuTPU)RU\TPU\col\18678 
801 2 |a RU  |b 63413507  |c 20150902  |g RCR 
856 4 |u http://dx.doi.org/10.1051/epjconf/20158201002 
942 |c CF